| 000 | 00732nam a2200265 a 4500 | ||
|---|---|---|---|
| 999 |
_c549 _d549 |
||
| 008 | 190917s2018 ii ||||g |||| 000 0 eng d | ||
| 020 |
_a9788179306888 _cRs. 269.10 |
||
| 040 |
_aKO _beng |
||
| 041 | 0 | _aeng | |
| 044 | _aii | ||
| 082 | 0 | 4 |
_223 _a954 _bAh44 |
| 100 | 1 | _aAhir, Rajiv | |
| 245 | 0 | 0 |
_aA Brief History of Modern India / _c Rajiv Ahir...[et al.] ; editor Kalpana Rajaram |
| 250 | _a24th ed. | ||
| 260 |
_aNew Delhi : _bSpectrum Books (P) Ltd, _c1995 |
||
| 300 |
_axxxii, 847 p. _c17.5 cm. |
||
| 650 | 0 |
_aNationalism _xHistory |
|
| 700 | 1 |
_aVidya, R. _ectb |
|
| 700 | 1 |
_aMadan, Sabina _ectb |
|
| 700 | 1 |
_aSaxena, Sashi Kumar _ectb |
|
| 700 | 1 |
_aRajaram, Kalpana _eedt |
|
| 904 | _aS_JOY | ||
| 942 | _cBK | ||